| 000 | 00934nab a22002297a 4500 | ||
|---|---|---|---|
| 999 |
_c5544 _d5544 |
||
| 003 | OSt | ||
| 005 | 20251215153835.0 | ||
| 008 | 190429b xxu||||| |||| 00| 0 spa d | ||
| 040 | _cPJ | ||
| 100 |
_96495 _aFrega, Leonardo |
||
| 245 | 1 | 3 |
_aLa importancia del expediente tutelar en el proceso penal juvenil _cLeonardo Frega. |
| 260 |
_cCiudad Autónoma de Buenos Aires : _aThomson Reuters La Ley, _b2025. |
||
| 300 | _ap. 196-198 | ||
| 500 | _aCita: AR/DOC/181/2025. | ||
| 505 | _tSi te interesa el texto completo, solicitalo a koha@justierradelfuego.gov.ar | ||
| 650 | 0 |
_9343 _aDERECHO PENAL |
|
| 650 | 0 |
_92730 _aRÉGIMEN PENAL DE LA MINORIDAD |
|
| 650 | 0 |
_92741 _aDERECHOS DE LAS NIÑAS, NIÑOS Y ADOLESCENTES |
|
| 650 | 0 |
_95662 _aADOLESCENTES |
|
| 773 | 0 |
_02658 _93164 _tRevista de derecho penal y criminología. Nº 2 - Marzo 2025 _dCiudad Autónoma de Buenos Aires : Thomson Reuters La Ley, 2017- _x00347914 |
|
| 942 |
_2udc _cANA |
||